000 01376cam a22003617a 4500
003 CHAP
005 20220329142706.0
008 010920d2001 mx r 00110 spa d
010 _a86584
011 _a87556
035 _a98100
040 _cCHAP
090 _aTesis
100 0 0 _aDomínguez García, Hernán Faustino.
_933810
245 1 0 _aDensidades de siembra y control químico de la maleza en el cultivo de alfalfa (Medicago sativa L.) en Chapingo, Méx.
_c/por Hernán Faustino Domínguez García
260 _aChapingo, Méx. :
_bEl autor,
_c2002.
300 _a44 h. ;
_bgráfs.
502 _aTesis (Ing. Agr. Esp. en Parasitología Agricola) -- UACH. Departamento de Parasitología Agrícola
590 _aALEPH
_b10
_c20130110
_lUCH01
_h1450
590 _aBATCH-UPD
_b10
_c20130110
_lUCH01
_h1310
590 _aBATCH-UPD
_b10
_c20130410
_lUCH01
_h0824
590 _aBATCH-UPD
_b10
_c20130914
_lUCH01
_h0253
590 _aBATCH-UPD
_b10
_c20130914
_lUCH01
_h2151
590 _aCONVERSION
_b10
_c20130109
_lUCH01
_h1348
650 1 4 _aAlfalfa
_xMalas hierbas
_xControl.
_93875
650 1 4 _aAlfalfa
_zMéxico (Edo.).
_93898
650 1 4 _aDensidad de siembra.
_931812
901 _aBK
905 _aAlejandra Carrasco M.
942 _cFOLL
949 _aTesis
_bBC
_cTES
_d33724000872537
_eTS2
_fc.2
_h40213
_i98100
_si
949 _aTesis
_bBC
_cTES
_d981001
_eTS1
_h40212
_i98100
_sb
999 _c86584
_d86584